00310nam a2200133Ia 4500003000900000008004100009040001300050040001300063100002200076245005000098260001300148300000800161490000700169IT-RoPAU120407s9999 xx 000 0 und d aIT-RoPAU cIT-RoPAU aGiovanni Paolo II aInsegnamenti di Giovanni Paolo II (1978-2001) aVaticana c cm v49